000 01123cam a2200337 i 4500
001 17720107
003 OSt
005 20230606151020.0
008 130501s2012 fr a b 000 0 eng
010 _a 2012448882
020 _a9789291425471
040 _aDLC
_beng
_cDLC
_erda
042 _apcc
050 0 0 _aJZ5665
_b.R54 2012
082 _a616.06
_bRIE
100 1 _aRiet, Rob van,
_eauthor.
245 1 0 _aSupporting nuclear non-proliferation and disarmament /
_cwritten by Rob van Riet and Alyn Ware
264 1 _aGeneva :
_bCourand et Associes,
_c[2012]
300 _a194 pages :
_billustrations ;
_c21 cm
336 _atext
_2rdacontent
337 _aunmediated
_2rdamedia
338 _avolume
_2rdacarrier
490 0 _aHandbook for parliamentarians ;
_vNo. 19 - 2012
504 _aIncludes bibliographical references (pages 179-194).
650 0 _aNuclear disarmament.
650 0 _aNuclear nonproliferation.
700 1 _aWare, Alyn,
_eauthor.
906 _a7
_bcbc
_corignew
_d3
_encip
_f20
_gy-gencatlg
942 _2ddc
_cBK
999 _c715
_d715